[Event "Manavgat Turkey Cup"]
[Site "Manavgat"]
[Date "2016.02.05"]
[Round "10"]
[White "Alaz, Ahmet Efekan"]
[Black "Salman, Memet"]
[Result "0-1"]
[WhiteElo "1868"]
[BlackElo "1634"]
[PlyCount "86"]
[EventDate "2016.01.30"]
[EventType "swiss"]
[EventRounds "11"]
[EventCountry "TUR"]
[SourceTitle "CBM 170 Extra"]
[Source "ChessBase"]
[SourceDate "2016.02.25"]
[SourceVersion "1"]
[SourceVersionDate "2016.02.25"]
[SourceQuality "1"]

1. e4 c5 2. Nf3 Nc6 3. Nc3 g6 4. d4 cxd4 5. Nxd4 Bg7 6. Be3 Nf6 7. f4 d6 8. Be2 Qa5 9. Nb3 Qc7 10. h3 a6 11. Qd2 b5 12. a3 0-0 13. Bf3 Rb8 14. 0-0 e6 15. g4 d5 16. Bc5 Rd8 17. e5 Ne8 18. Ne2 f6 19. exf6 Bxf6 20. Ned4 Nd6 21. Nxc6 Qxc6 22. Bd4 Nc4 23. Qg2 Bxd4+ 24. Nxd4 Qb6 25. c3 Ne3 26. Qf2 Nxf1 27. Rxf1 Rf8 28. Qe3 Qd6 29. Bg2 Rb7 30. g5 Rbf7 31. Ne2 Rf5 32. Rd1 a5 33. Rd4 Bb7 34. h4 e5 35. fxe5 Qxe5 36. Qd3 Rf2 37. Ng3 Qe1+ 38. Kh2 Rxg2+ 39. Kxg2 Rf2+ 40. Kh3 Bc8+ 41. Rg4 Bxg4+ 42. Kxg4 Qe6+ 43. Nf5 Qxf5+ 0-1

[Event "Gebze op 5th"]
[Site "Kocaeli"]
[Date "2014.09.22"]
[Round "5"]
[White "Salman, Memet"]
[Black "Kilic, Efe Mert"]
[Result "1/2-1/2"]
[WhiteElo "1650"]
[BlackElo "1864"]
[PlyCount "109"]
[EventDate "2014.09.20"]
[EventType "swiss"]
[EventRounds "9"]
[EventCountry "TUR"]
[SourceTitle "CBM 162 Extra"]
[Source "ChessBase"]
[SourceDate "2014.10.17"]
[SourceVersion "1"]
[SourceVersionDate "2014.10.17"]
[SourceQuality "1"]

1. d4 Nf6 2. Bg5 c5 3. Bxf6 gxf6 4. d5 f5 5. e3 Bg7 6. c3 a6 7. Ne2 e6 8. Nf4 Be5 9. dxe6 dxe6 10. Qxd8+ Kxd8 11. Nd2 Nc6 12. 0-0-0 Ke7 13. g3 b6 14. Bg2 Bb7 15. Nc4 Bc7 16. Nd3 f6 17. Rhe1 Na5 18. Bxb7 Nxb7 19. e4 b5 20. Nd2 Rad8 21. Kc2 fxe4 22. Nxe4 Rd5 23. b4 c4 24. Ndc5 Rxd1 25. Rxd1 Nxc5 26. Nxc5 Bd6 27. Ne4 Bb8 28. Nc5 f5 29. Rd7+ Kf6 30. f4 e5 31. fxe5+ Kxe5 32. a4 Bd6 33. Nxa6 bxa4 34. Kb2 h5 35. Ka3 h4 36. Kxa4 hxg3 37. hxg3 Ke6 38. Rg7 Be5 39. Rg6+ Kd5 40. b5 Bxc3 41. b6 Rh1 42. Nb4+ Bxb4 43. Kxb4 Rb1+ 44. Kc3 Kc5 45. Rf6 Rb3+ 46. Kc2 Rxg3 47. b7 Rb3 48. Rxf5+ Kd4 49. Rf4+ Kd5 50. Rf5+ Kd6 51. Rf7 Kc6 52. Rh7 Rxb7 53. Rxb7 Kxb7 54. Kc3 Kb6 55. Kxc4 1/2-1/2

[Event "Gebze op 5th"]
[Site "Kocaeli"]
[Date "2014.09.20"]
[Round "1"]
[White "Salman, Memet"]
[Black "Rahmanov, Shahriyar Teymur Og"]
[Result "0-1"]
[WhiteElo "1650"]
[BlackElo "2265"]
[PlyCount "40"]
[EventDate "2014.09.20"]
[EventType "swiss"]
[EventRounds "9"]
[EventCountry "TUR"]
[SourceTitle "CBM 162 Extra"]
[Source "ChessBase"]
[SourceDate "2014.10.17"]
[SourceVersion "1"]
[SourceVersionDate "2014.10.17"]
[SourceQuality "1"]

1. d4 d5 2. c4 c6 3. Nf3 Nf6 4. Nc3 dxc4 5. a4 Bf5 6. Bg5 Qa5 7. Qd2 Nbd7 8. e3 b5 9. Be2 e6 10. 0-0 b4 11. Na2 Ne4 12. Qc1 c3 13. Bf4 Be7 14. Bd3 Nd2 15. bxc3 Nxf3+ 16. gxf3 Bxd3 17. cxb4 Qh5 18. Qxc6 0-0 19. Qxd7 Qxf3 20. Nc3 Bxb4 0-1